| 000 | 00459nam a2200157Ia 4500 | ||
|---|---|---|---|
| 008 | 210210b2000 xxu||||| |||| 00| 0 eng d | ||
| 020 | _a0 7619 9397 5 | ||
| 082 | _a150.954 PANP | ||
| 100 | _aPANDEY (Janak), Ed. | ||
| 245 | _aInternational Handbook of psychology. | ||
| 260 |
_aN D _bSage Publications _c2000 |
||
| 300 | _a272 | ||
| 650 | _aPsychology India Discipline Developments Foundations Human Cognitions | ||
| 690 | _aPsychology | ||
| 906 | _a055893 | ||
| 999 |
_c103591 _d103591 |
||